000 00776nas a2200229 a 4500
001 59015
003 BD-RjUL
005 20211209080702.0
008 161220c1962 enk x p 0 a0eng d
035 _a(BD-RjUL)59139
040 _aMUL
_cMUL/UCU/YUS/COO/OCL/EUX
_beng
_dBD-RjUL
041 _aeng
082 _223
_a338.941
_bSOC 1962
245 0 2 _aA programme for growth /
_cUniversity of Cambridge. Department of Applied Economics.
260 _aCambridge :
_bChapman and Hall,
_c1962
300 _avi, 70 p. :
_bill. ;
_c27 cm.
490 _aProgramme for growth-
_v2
650 _aEconomic development
_zGreat Britain
_9175518
710 _aUniversity of Cambridge. Department of Applied Economics.
_9175519
830 _aProgramme for growth-
_v2
_9179577
942 _2ddc
_cBK
999 _c59015
_d59015